UNIX clearly explained /

Bibliographic Details
Main Author: Petersen, Richard, 1949-
Format: Book
Language:English
Published: San Diego : AP Professional, [1999]
Subjects:

MARC

Tag First Indicator Second Indicator Subfields
LEADER 00000cam a2200000 a 4500
001 in00001471613
005 20151021053938.0
008 980323s1999 caua 001 0 eng
010 |a  98015665  
020 |a 0125521308 (alk. paper) 
035 |a (OCoLC)38862526 
035 |9 AJE9327AM 
040 |a DLC  |c DLC  |d TXA  |d UtOrBLW 
049 |a TXAM 
050 0 0 |a QA76.76.O63  |b P524 1999 
082 0 0 |a 005.4/32  |2 21 
100 1 |a Petersen, Richard,  |d 1949- 
245 1 0 |a UNIX clearly explained /  |c Richard Petersen. 
264 1 |a San Diego :  |b AP Professional,  |c [1999] 
264 4 |c ©1999 
300 |a xviii, 691 pages :  |b illustrations ;  |c 24 cm. 
336 |a text  |b txt  |2 rdacontent 
337 |a unmediated  |b n  |2 rdamedia 
338 |a volume  |b nc  |2 rdacarrier 
500 |a Includes index. 
630 0 0 |a UNIX (Computer file) 
650 0 |a Operating systems (Computers) 
999 |a MARS 
999 f f |s 9f05641d-9db1-38da-a23d-e740592525dd  |i 0efe21ed-7f28-38dd-a6ec-9312ce68df9e  |t 0 
952 f f |p normal  |a Texas A&M University  |b College Station  |c Sterling C. Evans Library  |d Evans: Library Stacks  |t 0  |e QA76.76.O63 P524 1999  |h Library of Congress classification  |i unmediated -- volume  |m A14823801626 
998 f f |a QA76.76.O63 P524 1999  |t 0  |l Evans: Library Stacks